Statistiques concernant Culture Générale - Série 1490

Cliquez ici pour prendre le quiz!

Statistiques générales

  • Ce quiz a été pris 65 fois
  • Le résultat moyen est 8 sur 10

Statistiques - réponses

QuestionRéponse% Correct
Complétez l'expression "Tuer la poule aux oeufs...d'or
100%
A quel pays d'Europe du Nord l'adjectif danois fait-il référence ?Danemark
98%
De quel membre l'os appelé "péroné" constitue-t-il le squelette ?jambe
97%
D'après le refrain de la chanson de Marc Lavoine, "elle a les yeux revolver, elle a le regard...qui tue
97%
En Écosse, quel mot de quatre lettres désigne un lac de montagne de forme allongée ?loch
89%
Quel mot signifiant "roi", emprunté au persan, était le titre porté par les souverains d'Iran ?Shah
85%
Quel poisson séché est une spécialité appelée Bacalao au Portugal ?morue
85%
Dans les coulisses d'un théâtre, comment s'appelle la pièce où les acteurs se changent et se maquillent ?loge
79%
Le gilet court et échancré que l'on croise sur la poitrine est appelé un cache-...coeur
69%
Quel était le surnom du footballeur Michel Platini ?Platoche
39%

Distribution des résultats

Percentile par nombre de réponses

% des personnes avec chaque résultat

Votre développement - résultats

Vous n’avez pas pris ce quiz